000
00280 a2200121 4500
001
63505
082
_a
327.4701724 KOR
090
_c
37519
_d
37519
100
_a
Korbonski, A
245
_a
The Soviet Union and the third world
260
_b
PAF Book Club
300
_a
318p
942
_a
CAE NUST
_k
327.4701724 KOR
999
_c
298578
_d
298578